[Event "Tournament 14459 - Europe Echecs"]
[Site "Europe Echecs"]
[Date "2020.07.07"]
[Round "1"]
[Time "14:15:03"]
[PlyCount "88"]
[White "BoulosPaul"]
[Black "ChennitAriles"]
[WhiteElo "1705"]
[BlackElo "1110"]
[Mode "WEB"]
[Result "1-0"]

1. e4 d6 2. d4 f5 3. Nc3 fxe4 4. Nxe4 d5 5. Nc3 Nf6 6. Bd3 e6 7. Nf3 Be7 8. O-O
O-O 9. Re1 Bd7 10. Ng5 Qc8 11. Qe2 Nc6 12. Nxe6 Bxe6 13. Qxe6+ Qxe6 14. Rxe6
Nxd4 15. Rxe7 Rae8 16. Rxe8 Rxe8 17. Be3 Nc6 18. Bf4 d4 19. Nb5 a6 20. Nxc7 Re7
21. Bc4+ Kh8 22. Nd5 Re4 23. Nxf6 gxf6 24. Bd2 b5 25. Bd3 Re6 26. Re1 Rd6 27.
Bf4 Rd8 28. a3 Rf8 29. Re6 Nd8 30. Rxa6 Nb7 31. Ra7 Nc5 32. Rxh7+ Kg8 33. Rh5
Ne6 34. Bd6 Rd8 35. Be7 Re8 36. Bb4 Nf4 37. Rf5 Ng6 38. h3 Ne7 39. Rxf6 Kg7 40.
Rf4 Nd5 41. Re4 Nf6 42. Rxe8 Nxe8 43. Bxb5 Nd6 44. Bxd6 {ChennitAriles a abandonné} 1-0

[Event "Tournament 14459 - Europe Echecs"]
[Site "Europe Echecs"]
[Date "2020.07.07"]
[Round "1"]
[Time "14:15:03"]
[PlyCount "61"]
[White "HammRodrigue"]
[Black "BreuilVirgile"]
[WhiteElo "1109"]
[BlackElo "1622"]
[Mode "WEB"]
[Result "0-1"]

1. e4 e5 2. Nf3 Nc6 3. Bc4 Be7 4. O-O Nf6 5. Nc3 O-O 6. d3 d6 7. Be3 Be6 8. Bxe6
fxe6 9. d4 exd4 10. Nxd4 Nxd4 11. Bxd4 e5 12. Be3 Nd7 13. Qe2 Bg5 14. Bxg5 Qxg5
15. Nd5 c6 16. Nc3 Nf6 17. Rad1 Rad8 18. Qd2 Qg6 19. f3 Nh5 20. Ne2 d5 21. exd5
Rxd5 22. Qc3 Rfd8 23. Rxd5 Rxd5 24. Qb3 Qf7 25. Nc3 Rd2 26. Qxf7+ Kxf7 27. Rf2
Rd7 28. g4 Nf4 29. Kf1 b5 30. Ne2 Rd1# {HammRodrigue est échec et mat} 0-1

[Event "Tournament 14459 - Europe Echecs"]
[Site "Europe Echecs"]
[Date "2020.07.07"]
[Round "1"]
[Time "14:15:03"]
[PlyCount "73"]
[White "LoppinLylou"]
[Black "AuribaultLouis"]
[WhiteElo "1102"]
[BlackElo "1618"]
[Mode "WEB"]
[Result "0-1"]

1. e4 e5 2. Nf3 Nc6 3. Bb5 a6 4. Be2 Nf6 5. Nc3 Bb4 6. O-O O-O 7. h3 Bxc3 8.
bxc3 Nxe4 9. d3 Nxc3 10. Qe1 Nxe2+ 11. Qxe2 d6 12. Bg5 f6 13. Bh4 Be6 14. Bg3
Qd7 15. Nh4 Nd4 16. Qh5 Nxc2 17. Rac1 Nd4 18. Rce1 Nf5 19. Nxf5 Bxf5 20. f3 Bg6
21. Qh4 Bxd3 22. Bf2 Bxf1 23. Rxf1 Rad8 24. Be3 d5 25. Qg3 d4 26. Bh6 Kh8 27.
Qxg7+ Qxg7 28. Bxg7+ Kxg7 29. Re1 d3 30. Re4 d2 31. Rg4+ Kh8 32. Kf2 d1=Q 33. h4
Rd2+ 34. Kg3 Qg1 35. Kh3 Qh1+ 36. Kg3 Qxg2# {LoppinLylou est échec et mat} 0-1

[Event "Tournament 14459 - Europe Echecs"]
[Site "Europe Echecs"]
[Date "2020.07.07"]
[Round "1"]
[Time "14:15:03"]
[PlyCount "60"]
[White "KhantalinaIlar"]
[Black "BeddiarSouhil"]
[WhiteElo "1580"]
[BlackElo "1100"]
[Mode "WEB"]
[Result "1-0"]

1. e4 e5 2. Nf3 Nc6 3. Nc3 Nf6 4. d4 d5 5. dxe5 Ng4 6. exd5 Bf5 7. dxc6 bxc6 8.
Qxd8+ Rxd8 9. Be2 Bb4 10. O-O Bxc2 11. Bd2 O-O 12. Rac1 Bg6 13. a3 Ba5 14. b4
Bb6 15. Nd1 Rde8 16. h3 Nxe5 17. Nxe5 Rxe5 18. Bf3 Re6 19. Nb2 Rd6 20. Bf4 Rf6
21. Bg3 Rc8 22. Rxc6 Bd4 23. Rxf6 Bxf6 24. Bg4 Re8 25. Na4 c6 26. Bd7 Re7 27.
Bxc6 Bd3 28. Rd1 Bc2 29. Rd8+ Re8 30. Rxe8# {BeddiarSouhil est échec et mat} 1-0

[Event "Tournament 14459 - Europe Echecs"]
[Site "Europe Echecs"]
[Date "2020.07.07"]
[Round "1"]
[Time "14:15:03"]
[PlyCount "131"]
[White "SinivassaneRoj"]
[Black "VirgoNathan"]
[WhiteElo "1100"]
[BlackElo "1560"]
[Mode "WEB"]
[Result "0-1"]

1. e4 e5 2. d4 exd4 3. c3 dxc3 4. Nxc3 Bc5 5. Bc4 Nc6 6. Qd5 Qe7 7. Nf3 Nf6 8.
Qd3 d6 9. O-O h6 10. Re1 O-O 11. h3 Be6 12. Bxe6 Qxe6 13. e5 Nxe5 14. Nxe5 dxe5
15. Nb5 Nd5 16. Rd1 c6 17. Nc3 Nf4 18. Qg3 Rad8 19. Rxd8 Rxd8 20. Bxf4 exf4 21.
Qxf4 Bd6 22. Qf3 Be5 23. Rd1 Rxd1+ 24. Nxd1 Bd4 25. Qg3 Qf6 26. Qb8+ Kh7 27. Qg3
Bxb2 28. Ne3 b5 29. Ng4 Qe6 30. f3 Bd4+ 31. Kh2 Qxa2 32. Qf4 Qc4 33. Ne5 Qa4 34.
Nxc6 Qc4 35. Nxd4 b4 36. Qe3 Qc7+ 37. Kg1 Qc4 38. Nf5 Qa2 39. Qe5 Qb1+ 40. Kh2
f6 41. Qe6 b3 42. g4 b2 43. Qf7 Qc2+ 44. Kg3 Qxf5 45. gxf5 b1=Q 46. Qg6+ Kg8 47.
Qe8+ Kh7 48. Qf7 Qg1+ 49. Kf4 Qc1+ 50. Ke4 Qb1+ 51. Kd5 Qa2+ 52. Kd6 Qxf7 53.
Kc5 Qe7+ 54. Kb5 Qe5+ 55. Ka6 Qxf5 56. Kxa7 Qxf3 57. h4 Qf2+ 58. Kb7 f5 59. h5
f4 60. Kc7 f3 61. Kd7 Qd4+ 62. Ke7 f2 63. Ke6 f1=Q 64. Ke7 Qff6+ 65. Ke8 Qdd8# {SinivassaneRoj est échec et mat} 0-1

[Event "Tournament 14459 - Europe Echecs"]
[Site "Europe Echecs"]
[Date "2020.07.07"]
[Round "1"]
[Time "14:15:03"]
[PlyCount "52"]
[White "BonelliMaestra"]
[Black "BelliniMatteo"]
[WhiteElo "1545"]
[BlackElo "1098"]
[Mode "WEB"]
[Result "1-0"]

1. e4 e5 2. Nf3 Nc6 3. Bb5 a6 4. Ba4 b5 5. Bb3 Nf6 6. O-O Bc5 7. c3 d6 8. Bc2
Bg4 9. b4 Bb6 10. h3 Bh5 11. d3 O-O 12. Be3 Bxe3 13. fxe3 Re8 14. Qe1 h6 15. a4
bxa4 16. Bxa4 d5 17. Bxc6 Qd6 18. Bxa8 Rxa8 19. Nbd2 Re8 20. Nh4 dxe4 21. dxe4
Bg6 22. Nxg6 fxg6 23. Qe2 Ra8 24. Qc4+ Kh8 25. Nf3 Rb8 26. Rxa6 {BelliniMatteo a perdu au temps} 1-0

[Event "Tournament 14459 - Europe Echecs"]
[Site "Europe Echecs"]
[Date "2020.07.07"]
[Round "1"]
[Time "14:15:03"]
[PlyCount "70"]
[White "RollotPriscill"]
[Black "ErudelMaeva"]
[WhiteElo "1094"]
[BlackElo "1500"]
[Mode "WEB"]
[Result "1-0"]

1. e4 e6 2. d4 d5 3. exd5 exd5 4. Nc3 Nf6 5. Nf3 Bd6 6. Bg5 c6 7. h3 Bf5 8. Bd3
Bxd3 9. Qxd3 Nbd7 10. O-O-O Qc7 11. Rhe1+ Be7 12. Ne5 Qd6 13. Bf4 Rf8 14. Ng6
Qb4 15. a3 Qb6 16. Nxf8 Kxf8 17. g4 Kg8 18. Rxe7 Rd8 19. Rde1 a5 20. g5 Nh5 21.
Re8+ Nf8 22. Rxd8 Qxd8 23. Be3 b5 24. Qe2 g6 25. Rf1 b4 26. axb4 axb4 27. Na2
Qa8 28. Nxb4 Ng7 29. Qa6 Qxa6 30. Nxa6 Nge6 31. Nb4 Nd8 32. f4 Nd7 33. f5 Nb6
34. Bf4 Nb7 35. Nxc6 {ErudelMaeva a perdu au temps} 1-0

[Event "Tournament 14459 - Europe Echecs"]
[Site "Europe Echecs"]
[Date "2020.07.07"]
[Round "1"]
[Time "14:15:03"]
[PlyCount "108"]
[White "ThibousMael"]
[Black "MenardEmma"]
[WhiteElo "1094"]
[BlackElo "1490"]
[Mode "WEB"]
[Result "1-0"]

1. d4 d5 2. c4 dxc4 3. e4 Be6 4. Nf3 Nf6 5. Nc3 Nc6 6. d5 g6 7. dxc6 bxc6 8. Qa4
Qd7 9. Bxc4 Bxc4 10. Qxc4 Bg7 11. O-O O-O 12. Be3 Ng4 13. Qe2 Nxe3 14. Qxe3 Rab8
15. Rab1 a6 16. Rfd1 Qg4 17. h3 Qe6 18. Nd4 Qe5 19. Nxc6 Qe6 20. Nxb8 Rxb8 21.
Qa7 Rf8 22. Qxc7 Bxc3 23. Qxc3 Qxe4 24. Qe3 Qb4 25. Re1 e6 26. Rec1 Qa4 27. Qb3
Qf4 28. Qe3 Qxe3 29. fxe3 e5 30. Rc5 e4 31. Re5 f5 32. Re6 Kf7 33. Rxa6 Rd8 34.
Rc1 Rd3 35. Rc7+ Ke8 36. Ra8+ Rd8 37. Rxd8+ Kxd8 38. Rxh7 g5 39. a4 Kc8 40. a5
Kb8 41. a6 Ka8 42. b4 f4 43. exf4 gxf4 44. b5 f3 45. gxf3 exf3 46. b6 f2+ 47.
Kxf2 Kb8 48. a7+ Ka8 49. Rh8+ Kb7 50. a8=Q+ Kxb6 51. Qc8 Kb5 52. Rh7 Kb6 53.
Rb7+ Ka5 54. Qa8# {MenardEmma est échec et mat} 1-0

[Event "Tournament 14459 - Europe Echecs"]
[Site "Europe Echecs"]
[Date "2020.07.07"]
[Round "1"]
[Time "14:15:03"]
[PlyCount "35"]
[White "RomangNicolasT"]
[Black "KouamNoe"]
[WhiteElo "1090"]
[BlackElo "1462"]
[Mode "WEB"]
[Result "0-1"]

1. d4 Nf6 2. Nf3 g6 3. Bf4 Bg7 4. e3 d6 5. Bd3 O-O 6. O-O Nbd7 7. Nbd2 c5 8. c3
b6 9. Qb3 Bb7 10. Ne4 Nxe4 11. Bxe4 Bxe4 12. Nd2 Bb7 13. Rad1 e5 14. Bg3 cxd4
15. cxd4 exd4 16. exd4 Qg5 17. Bxd6 Qxg2# {RomangNicolasT est échec et mat} 0-1

[Event "Tournament 14459 - Europe Echecs"]
[Site "Europe Echecs"]
[Date "2020.07.07"]
[Round "1"]
[Time "14:15:03"]
[PlyCount "97"]
[White "OgerEryn"]
[Black "MaisonhauteEle"]
[WhiteElo "1460"]
[BlackElo "1088"]
[Mode "WEB"]
[Result "0-1"]

1. e4 e5 2. Nf3 Nc6 3. Bb5 Nf6 4. Nc3 Bb4 5. d3 h6 6. Bxc6 dxc6 7. Nxe5 Qd4 8.
Nf3 Bxc3+ 9. bxc3 Qxc3+ 10. Bd2 Qc5 11. O-O O-O 12. Rb1 Rb8 13. Bb4 Qh5 14. Bxf8
Kxf8 15. c3 Qg6 16. d4 Bh3 17. g3 Bxf1 18. Qxf1 Nxe4 19. Qe1 Nxc3 20. Qxc3 Qxb1+
21. Qe1 Qxa2 22. h3 Re8 23. Qd1 Re2 24. h4 Rxf2 25. Ne1 Rh2 26. Qf3 Rb2 27. g4
Qa1 28. Kf1 Rb1 29. Qe3 Rxe1+ 30. Qxe1 Qxe1+ 31. Kxe1 a5 32. Ke2 b5 33. Kd2 a4
34. Kc2 b4 35. Kb2 Ke7 36. g5 hxg5 37. hxg5 Ke6 38. Ka2 Kd5 39. Ka1 Kxd4 40. Kb2
Kc4 41. Kc2 b3+ 42. Kb2 a3+ 43. Kxa3 Kc3 44. g6 fxg6 45. Ka4 b2 46. Ka3 b1=Q 47.
Ka4 Kc4 48. Ka5 Qb5# {OgerEryn est échec et mat} 0-1

[Event "Tournament 14459 - Europe Echecs"]
[Site "Europe Echecs"]
[Date "2020.07.07"]
[Round "1"]
[Time "14:15:03"]
[PlyCount "121"]
[White "CleranLorene"]
[Black "AymericElijah"]
[WhiteElo "1086"]
[BlackElo "1450"]
[Mode "WEB"]
[Result "0-1"]

1. d4 d5 2. c4 dxc4 3. e4 Nc6 4. Nf3 Nf6 5. Nc3 Bg4 6. d5 Ne5 7. Bf4 Nxf3+ 8.
gxf3 Bd7 9. Bg2 e6 10. O-O Be7 11. Bg5 O-O 12. dxe6 Bxe6 13. Qxd8 Rfxd8 14. e5
Nd5 15. Bxe7 Nxe7 16. f4 Ng6 17. Ne2 Rd2 18. Rfe1 Rxb2 19. a3 Bg4 20. Bf1 Rd8
21. h3 Bf3 22. f5 Nxe5 23. Nf4 Nd3 24. Bxd3 cxd3 25. Re3 Be2 26. Nxe2 dxe2 27.
Re1 h6 28. R3xe2 Rxe2 29. Rxe2 Rd7 30. Re8+ Kh7 31. Rb8 b6 32. Rb7 a5 33. a4 g6
34. fxg6+ Kxg6 35. Rb8 Kg7 36. Kg2 Re7 37. f3 f5 38. Rd8 Kg6 39. Kg3 Rg7 40. Kf4
Rf7 41. h4 h5 42. Rg8+ Kh6 43. Rg5 c5 44. Ke5 c4 45. Kd4 Rc7 46. Rxf5 c3 47.
Rf6+ Kg7 48. Rxb6 c2 49. Rb5 c1=Q 50. Rxh5 Qd1+ 51. Ke3 Re7+ 52. Kf4 Rf7+ 53.
Ke4 Qxf3+ 54. Kd4 Qxh5 55. Kc4 Qxh4+ 56. Kb5 Qg5+ 57. Kc4 Rf4+ 58. Kd3 Qg3+ 59.
Ke2 Rf2+ 60. Ke1 Qg1# {CleranLorene est échec et mat} 0-1

[Event "Tournament 14459 - Europe Echecs"]
[Site "Europe Echecs"]
[Date "2020.07.07"]
[Round "1"]
[Time "14:15:03"]
[PlyCount "118"]
[White "AboulasseSaad"]
[Black "MigusEthan"]
[WhiteElo "1448"]
[BlackElo "1084"]
[Mode "WEB"]
[Result "1-0"]

1. d4 d5 2. c4 e6 3. Nc3 Nf6 4. Bg5 Nbd7 5. e3 Be7 6. cxd5 exd5 7. Bd3 h6 8. Bh4
O-O 9. Nf3 Bb4 10. O-O c6 11. Qc2 Re8 12. Ne2 Qc7 13. Bg3 Qb6 14. a3 Be7 15. b4
a5 16. b5 cxb5 17. Rfb1 Qe6 18. Nf4 Qg4 19. h3 Qxf4 20. Bxf4 Nh5 21. Rxb5 Ndf6
22. Bc7 Bd7 23. Rxb7 Bc8 24. Rb5 Bd7 25. Rxa5 Rxa5 26. Bxa5 Ra8 27. Rc1 g6 28.
Bb4 Bxb4 29. axb4 Kg7 30. b5 Rc8 31. Qxc8 Bxc8 32. Rxc8 Nd7 33. Rd8 Nb6 34. Rd6
Nc8 35. Ra6 Nf6 36. b6 Nxb6 37. Rxb6 g5 38. h4 g4 39. Ne5 h5 40. Rb7 Kh6 41.
Nxf7+ Kg7 42. Ng5+ Kf8 43. Rf7+ Ke8 44. Rxf6 Ke7 45. Rh6 g3 46. Rxh5 Kd6 47.
fxg3 Ke7 48. Nf3 Kf7 49. Rxd5 Ke6 50. Re5+ Kd6 51. h5 Kc6 52. h6 Kd7 53. h7 Kc6
54. h8=Q Kb6 55. Qc8 Ka7 56. Ra5+ Kb6 57. Qc5+ Kb7 58. Ra7+ Kb8 59. Qc7# {MigusEthan est échec et mat} 1-0

[Event "Tournament 14459 - Europe Echecs"]
[Site "Europe Echecs"]
[Date "2020.07.07"]
[Round "1"]
[Time "14:15:03"]
[PlyCount "122"]
[White "PerrinCyril"]
[Black "SabapatheeFlor"]
[WhiteElo "1084"]
[BlackElo "1444"]
[Mode "WEB"]
[Result "0-1"]

1. e4 c5 2. Nf3 e6 3. d4 cxd4 4. Nxd4 Nc6 5. Nc3 Nf6 6. Be3 Bb4 7. Nxc6 bxc6 8.
Bd4 Nxe4 9. Qf3 Nf6 10. Bd3 Bb7 11. Bxf6 Qxf6 12. Qxf6 gxf6 13. O-O-O Rg8 14.
Ne4 Be7 15. g3 c5 16. Rhe1 f5 17. Nc3 h5 18. Re3 d5 19. Nb5 Rc8 20. Nxa7 Ra8 21.
Bb5+ Kf8 22. Nc6 Rxa2 23. Nxe7 Kxe7 24. Kb1 Ra5 25. Bd3 f4 26. Rf3 fxg3 27. fxg3
Rga8 28. c3 c4 29. Be2 d4 30. Rxd4 Ra1+ 31. Kc2 Bxf3 32. Bxf3 Rc8 33. Bxh5 Rh1
34. h4 Rh3 35. Rg4 Rh2+ 36. Kb1 Rb8 37. Rxc4 Rbxb2+ 38. Kc1 Rbg2 39. Rc7+ Kd6
40. Rc4 Rh1+ 41. Bd1 Rxg3 42. Kc2 Rg2+ 43. Kc1 e5 44. Rc8 Kd7 45. Rc5 Ke6 46. c4
Rxh4 47. Bf3 Rh1+ 48. Bd1 Rgg1 49. Rd5 Rxd1+ 50. Rxd1 Rxd1+ 51. Kxd1 Kd6 52. Kc2
Kc5 53. Kc3 f5 54. Kd3 e4+ 55. Ke3 Kxc4 56. Kf4 Kd3 57. Kg3 e3 58. Kg2 Kd2 59.
Kf1 e2+ 60. Kf2 e1=Q+ 61. Kf3 {PerrinCyril a abandonné} 0-1

[Event "Tournament 14459 - Europe Echecs"]
[Site "Europe Echecs"]
[Date "2020.07.07"]
[Round "1"]
[Time "14:15:03"]
[PlyCount "169"]
[White "TirateauTom"]
[Black "RoganovaMaxime"]
[WhiteElo "1440"]
[BlackElo "1082"]
[Mode "WEB"]
[Result "0-1"]

1. e4 c5 2. Nf3 d6 3. Bb5+ Bd7 4. Bxd7+ Nxd7 5. Nc3 Ngf6 6. O-O g6 7. d3 Bg7 8.
Bg5 O-O 9. Qe2 h6 10. Bh4 g5 11. Bg3 Nh5 12. Rac1 Nxg3 13. hxg3 Qa5 14. Qd2 Bxc3
15. Qxc3 Qxc3 16. bxc3 Rac8 17. c4 e6 18. Rb1 b6 19. Rfd1 f5 20. exf5 exf5 21.
Re1 Rfe8 22. Rxe8+ Rxe8 23. Kf1 g4 24. Nd2 Nf6 25. Re1 Rxe1+ 26. Kxe1 Kf7 27.
Ke2 Ke6 28. Ke3 Ke5 29. f3 h5 30. fxg4 hxg4 31. a4 d5 32. cxd5 Nxd5+ 33. Kf2 Kd4
34. c4 Ne3 35. Ke2 Nc2 36. Nb3+ Kc3 37. Nd2 Nd4+ 38. Ke3 Nc2+ 39. Ke2 Nb4 40.
Nb1+ Kd4 41. Kd2 Nxd3 42. Na3 Ne5 43. Ke2 Nxc4 44. Nxc4 Kxc4 45. Ke3 Kd5 46. Kf4
Ke6 47. Kg5 c4 48. Kf4 c3 49. Ke3 Kd5 50. Kd3 Kc5 51. Kxc3 a5 52. Kd3 Kd5 53.
Ke3 Ke5 54. Kd3 Kd6 55. Kd4 Ke6 56. Kc4 Kd6 57. Kb5 Kc7 58. Kc4 Kc6 59. Kd4 Kd6
60. Kc4 Kc6 61. Kd4 b5 62. axb5+ Kxb5 63. Kc3 a4 64. Kb2 Kb4 65. Kb1 a3 66. Ka2
Kc3 67. Kxa3 Kd3 68. Kb3 Ke2 69. Kc3 Kf2 70. Kd4 Kxg3 71. Ke5 f4 72. Ke4 Kxg2
73. Kxf4 g3 74. Kg4 Kf2 75. Kh3 g2 76. Kg4 g1=Q+ 77. Kf4 Qe1 78. Kf5 Qe7 79. Kf4
Qe6 80. Kg5 Qf7 81. Kg4 Qf6 82. Kh5 Qg7 83. Kh4 Qg6 84. Kh3 Qg3# {TirateauTom est échec et mat} 0-1

[Event "Tournament 14459 - Europe Echecs"]
[Site "Europe Echecs"]
[Date "2020.07.07"]
[Round "1"]
[Time "14:15:03"]
[PlyCount "67"]
[White "GrederBaptiste"]
[Black "NegreEmilie"]
[WhiteElo "1080"]
[BlackElo "1438"]
[Mode "WEB"]
[Result "0-1"]

1. e4 e5 2. Bd3 Nf6 3. Nf3 Nc6 4. O-O Bc5 5. h3 d6 6. Nc3 Be6 7. b3 O-O 8. Nb5
a6 9. Na3 Qd7 10. Nc4 b5 11. Ne3 d5 12. Nf5 dxe4 13. Bxe4 Nxe4 14. N5h4 g5 15.
d3 Nxf2 16. Qe1 Nxd3+ 17. Kh1 Nxe1 18. Rxe1 gxh4 19. Bh6 Rfe8 20. Nxh4 Bf2 21.
Rf1 Bxh4 22. g3 Be7 23. Rad1 Qc8 24. Rg1 Bxh3 25. Kh2 Be6 26. Rg2 Nd4 27. Rdg1
Nf3+ 28. Kh1 Nxg1 29. Kxg1 Bc5+ 30. Kh2 Bd5 31. Rd2 Bc6 32. Re2 Qg4 33. b4 Qh5# {GrederBaptiste est échec et mat} 0-1

[Event "Tournament 14459 - Europe Echecs"]
[Site "Europe Echecs"]
[Date "2020.07.07"]
[Round "1"]
[Time "14:15:03"]
[PlyCount "56"]
[White "CerclierLeo"]
[Black "OuadiSammy"]
[WhiteElo "1420"]
[BlackElo "1080"]
[Mode "WEB"]
[Result "1-0"]

1. e4 e5 2. Nf3 Nc6 3. Bc4 Bc5 4. c3 Nf6 5. d4 Bb6 6. Bg5 d6 7. dxe5 dxe5 8. Qb3
O-O 9. O-O h6 10. Bh4 Qd6 11. Rd1 Qe7 12. Bd5 Rd8 13. c4 Be6 14. Nc3 Bxd5 15.
cxd5 Nd4 16. Bxf6 Qxf6 17. Nxd4 Bxd4 18. Qxb7 Qxf2+ 19. Kh1 Rab8 20. Qxc7 Rxb2
21. Qxd8+ Kh7 22. Rg1 Bxc3 23. Raf1 Qe2 24. Qd7 f6 25. Rxf6 Bd4 26. Qf5+ g6 27.
Qxg6+ Kh8 28. Rf8# {OuadiSammy est échec et mat} 1-0

[Event "Tournament 14459 - Europe Echecs"]
[Site "Europe Echecs"]
[Date "2020.07.07"]
[Round "1"]
[Time "14:15:03"]
[PlyCount "82"]
[White "AlfanoEmilie"]
[Black "RobertLouis"]
[WhiteElo "1407"]
[BlackElo "1080"]
[Mode "WEB"]
[Result "1-0"]

1. e4 e5 2. Nf3 Nf6 3. d4 Nxe4 4. dxe5 d5 5. exd6 Nxd6 6. Nc3 Nc6 7. Bd3 Be7 8.
O-O O-O 9. Re1 Re8 10. Bf4 Bg4 11. h3 Bh5 12. Be2 Bh4 13. Nxh4 Bxe2 14. Rxe2
Qxh4 15. Rxe8+ Nxe8 16. Bg3 Qg5 17. Qe2 Nf6 18. Bxc7 Re8 19. Qf3 Nd4 20. Qd3 Nf5
21. Rd1 Nh4 22. Qg3 Qxg3 23. Bxg3 Nf5 24. Bc7 Kf8 25. Bd8 g6 26. Bxf6 Re6 27.
Rd8+ Re8 28. Rxe8+ Kxe8 29. Kf1 Kd7 30. g4 Nh4 31. Bxh4 Kd6 32. Ke2 Ke5 33. Ke3
f5 34. f4+ Ke6 35. g5 Kd6 36. Kd4 Kc6 37. Bf2 Kd6 38. Nb5+ Kc6 39. Nxa7+ Kb6 40.
Ke5+ Kc7 41. Kf6 {RobertLouis a abandonné} 1-0

[Event "Tournament 14459 - Europe Echecs"]
[Site "Europe Echecs"]
[Date "2020.07.07"]
[Round "1"]
[Time "14:15:03"]
[PlyCount "66"]
[White "MindeTimothe"]
[Black "DaghsenAdem"]
[WhiteElo "1075"]
[BlackElo "1400"]
[Mode "WEB"]
[Result "1-0"]

1. e4 e5 2. Bc4 Nf6 3. d3 Nc6 4. Nf3 Bc5 5. O-O O-O 6. Bg5 Be7 7. Nbd2 h6 8. Be3
d6 9. c3 Bd7 10. b4 a6 11. a4 b5 12. axb5 axb5 13. Bxb5 Rxa1 14. Qxa1 Ng4 15.
Qa4 Bh4 16. Nxh4 Qxh4 17. Nf3 Qh5 18. Bxc6 Bxc6 19. Qxc6 Qg6 20. Qxc7 h5 21. Qe7
Nf6 22. Qxd6 h4 23. Nxh4 Qh5 24. Nf3 Ne8 25. Qxe5 Qh6 26. Bxh6 gxh6 27. Ra1 f6
28. Qe7 Rf7 29. Qxe8+ Rf8 30. Qg6+ Kh8 31. Ra7 Rf7 32. Rxf7 h5 33. Qh7# {DaghsenAdem est échec et mat} 1-0

[Event "Tournament 14459 - Europe Echecs"]
[Site "Europe Echecs"]
[Date "2020.07.07"]
[Round "1"]
[Time "14:15:03"]
[PlyCount "78"]
[White "BarbaggiSasha"]
[Black "BaderThomas"]
[WhiteElo "1375"]
[BlackElo "1072"]
[Mode "WEB"]
[Result "1-0"]

1. e4 e5 2. Nc3 Bc5 3. g3 d6 4. Bg2 Nf6 5. Nge2 Be6 6. O-O Nc6 7. d3 h6 8. h3
O-O 9. Kh2 Nh7 10. f4 Qf6 11. fxe5 Qxe5 12. Bf4 Qh5 13. d4 Bb4 14. d5 Bg4 15.
dxc6 Bxc3 16. cxb7 Bxe2 17. bxa8=Q Rxa8 18. g4 Bxd1 19. gxh5 Bxb2 20. Rb1 Be2
21. Rfe1 g5 22. hxg6 fxg6 23. Rxe2 Rb8 24. c4 g5 25. Bg3 h5 26. Rexb2 Rxb2 27.
Rxb2 h4 28. Bf2 Nf6 29. Bxa7 c5 30. Bb8 Ne8 31. a4 Kf7 32. a5 Ke6 33. a6 Ke5 34.
a7 Kd4 35. a8=Q Kxc4 36. Qa4+ Kd3 37. Qxe8 Ke3 38. Re2+ Kf4 39. Bxd6# {BaderThomas est échec et mat} 1-0

[Event "Tournament 14459 - Europe Echecs"]
[Site "Europe Echecs"]
[Date "2020.07.07"]
[Round "1"]
[Time "14:15:03"]
[PlyCount "89"]
[White "HorsotMaeva"]
[Black "YastrebovAndre"]
[WhiteElo "1070"]
[BlackElo "1370"]
[Mode "WEB"]
[Result "0-1"]

1. e4 c5 2. Nf3 d6 3. Nc3 Nf6 4. Bc4 g6 5. O-O Bg7 6. h3 O-O 7. d3 Nc6 8. Be3
Bd7 9. Qd2 Na5 10. Nd5 Nxc4 11. Nxf6+ Bxf6 12. dxc4 Bc6 13. Qd3 Bxb2 14. Rab1
Bg7 15. Rfe1 Qa5 16. Rb3 Qc7 17. Bf4 Rad8 18. Qe2 b6 19. Rd3 e6 20. Qd2 e5 21.
Bg3 Rd7 22. Nh4 Rfd8 23. f4 Qb7 24. Re2 Bxe4 25. Rde3 Bc6 26. Qe1 e4 27. Qf2 f5
28. c3 d5 29. cxd5 Rxd5 30. Rc2 Rd3 31. Rxd3 Rxd3 32. Rd2 Qd7 33. Rxd3 Qxd3 34.
Qb2 Qxc3 35. Qb1 Bd4+ 36. Kh2 e3 37. Be1 Qc4 38. Nf3 Bxf3 39. gxf3 Bc3 40. Bg3
Qe2+ 41. Kg1 Qc4 42. Qc1 e2 43. Qc2 Bd4+ 44. Kh2 Qxc2 {HorsotMaeva a abandonné} 0-1

[Event "Tournament 14459 - Europe Echecs"]
[Site "Europe Echecs"]
[Date "2020.07.07"]
[Round "1"]
[Time "14:15:03"]
[PlyCount "88"]
[White "SayahHobonNoah"]
[Black "RobertPaul"]
[WhiteElo "1364"]
[BlackElo "1070"]
[Mode "WEB"]
[Result "1-0"]

1. e4 e5 2. Nf3 Nf6 3. Nxe5 d6 4. Nf3 Nxe4 5. Bc4 Nc6 6. d3 Nf6 7. O-O Be7 8.
Nc3 O-O 9. Re1 Re8 10. Bg5 h6 11. Bh4 Bf5 12. Qd2 d5 13. Bxf6 dxc4 14. Bxe7 Nxe7
15. dxc4 Qxd2 16. Nxd2 Bxc2 17. Re2 Bd3 18. Re3 Bg6 19. Rae1 Kf8 20. Nb5 Rac8
21. Nxa7 Ra8 22. Nb5 Rac8 23. Nb3 c6 24. Nd6 Rcd8 25. Nxe8 Rxe8 26. Nc5 b6 27.
Nd7+ Kg8 28. Rxe7 Rxe7 29. Rxe7 f6 30. Nxb6 Kf8 31. Rc7 Be4 32. f3 Bb1 33. a3
Ba2 34. Rxc6 Kf7 35. a4 Kg6 36. a5 Bb1 37. a6 Bf5 38. a7 Kg5 39. g3 Bg6 40. Rc5+
f5 41. h4+ Kh5 42. a8=Q Bh7 43. Qe8+ Bg6 44. Rxf5# {RobertPaul est échec et mat} 1-0

[Event "Tournament 14459 - Europe Echecs"]
[Site "Europe Echecs"]
[Date "2020.07.07"]
[Round "1"]
[Time "14:15:03"]
[PlyCount "77"]
[White "WadelOlivier"]
[Black "KiyendeLibataE"]
[WhiteElo "1070"]
[BlackElo "1360"]
[Mode "WEB"]
[Result "0-1"]

1. e4 e5 2. Nf3 Nc6 3. Bc4 Be7 4. O-O Nf6 5. Nc3 Nxe4 6. Nxe4 d5 7. Bd3 dxe4 8.
Bxe4 O-O 9. d3 f5 10. Bxf5 Bxf5 11. Be3 Bf6 12. Qd2 Re8 13. Bg5 e4 14. Bxf6 Qxf6
15. dxe4 Bxe4 16. Ng5 Qg6 17. g3 Rad8 18. Qf4 Rd4 19. Rfe1 h6 20. Nh3 Bxc2 21.
Rxe8+ Qxe8 22. Qc1 Rd1+ 23. Kg2 Rxc1 24. Rxc1 Be4+ 25. Kf1 Nb4 26. Re1 Qb5+ 27.
Kg1 Qf5 28. Nf4 g5 29. g4 Qxf4 30. f3 Qxf3 31. Rxe4 Qxe4 32. a3 Qe2 33. h3 Kf7
34. Kh1 Ke6 35. Kg1 Kd5 36. Kh1 Ke4 37. Kg1 Kf3 38. Kh1 Qg2# {WadelOlivier est échec et mat} 0-1

[Event "Tournament 14459 - Europe Echecs"]
[Site "Europe Echecs"]
[Date "2020.07.07"]
[Round "1"]
[Time "14:15:03"]
[PlyCount "78"]
[White "GalimovIskanda"]
[Black "ClaverieCharle"]
[WhiteElo "1358"]
[BlackElo "1065"]
[Mode "WEB"]
[Result "1-0"]

1. e4 e5 2. Nf3 Nf6 3. Nxe5 d6 4. Nf3 Nxe4 5. Nc3 Nxc3 6. bxc3 Bg4 7. Be2 Be7 8.
d4 O-O 9. O-O b6 10. Bf4 c5 11. Re1 Nc6 12. Bb5 Rc8 13. h3 Bh5 14. Ba6 Rc7 15.
Be2 h6 16. Be3 Bg6 17. Rc1 Re8 18. Bb5 f6 19. d5 Bf7 20. Bxc6 Rf8 21. c4 a6 22.
a4 Qb8 23. Rb1 Qa7 24. Nh2 Qb8 25. Qg4 g6 26. Bxh6 Rd8 27. Bf4 g5 28. h4 Kf8 29.
hxg5 fxg5 30. Bxg5 Bxg5 31. Qxg5 a5 32. Qh6+ Kg8 33. Ng4 Be8 34. Nf6+ Kf7 35.
Bxe8+ Rxe8 36. Nxe8 Rc8 37. Qh7+ Kf8 38. Qh8+ Kf7 39. Qg7# {ClaverieCharle est échec et mat} 1-0

[Event "Tournament 14459 - Europe Echecs"]
[Site "Europe Echecs"]
[Date "2020.07.07"]
[Round "1"]
[Time "14:15:03"]
[PlyCount "69"]
[White "IentileTimeo"]
[Black "BronnyGermain"]
[WhiteElo "1064"]
[BlackElo "1354"]
[Mode "WEB"]
[Result "0-1"]

1. d4 d5 2. c4 e6 3. Nc3 Nf6 4. e3 c5 5. Nf3 Nc6 6. Bd3 dxc4 7. Bxc4 cxd4 8.
Nxd4 Nxd4 9. exd4 Be7 10. O-O O-O 11. Be3 a6 12. Bb3 b5 13. a3 Bb7 14. Bc2 Nd5
15. Qd3 Nf6 16. Bg5 g6 17. Be3 Nd5 18. Nxd5 Qxd5 19. f3 Bf6 20. Rad1 Rac8 21.
Bb3 Qf5 22. Qd2 Rfd8 23. Rfe1 Bd5 24. Bxd5 Qxd5 25. Bf2 Rc4 26. Re4 Bg7 27. b3
Rc6 28. Ree1 Rcd6 29. Re4 Qxb3 30. Qd3 Qxd3 31. Rxd3 f5 32. Re1 Kf7 33. Red1 e5
34. dxe5 Rxd3 {IentileTimeo a abandonné} 0-1

[Event "Tournament 14459 - Europe Echecs"]
[Site "Europe Echecs"]
[Date "2020.07.07"]
[Round "1"]
[Time "14:15:03"]
[PlyCount "70"]
[White "SamouelianSola"]
[Black "OgierDaniil"]
[WhiteElo "1349"]
[BlackElo "1059"]
[Mode "WEB"]
[Result "1-0"]

1. e4 c5 2. Nf3 Nc6 3. d4 cxd4 4. Nxd4 Nf6 5. Nc3 e5 6. Ndb5 d6 7. Bg5 a6 8. Na3
b5 9. Nd5 Be7 10. Bxf6 Bxf6 11. Bd3 O-O 12. O-O Bg5 13. c4 b4 14. Nc2 a5 15. b3
Ne7 16. Nce3 Bb7 17. Nxe7+ Qxe7 18. Nf5 Qc7 19. Qg4 h6 20. h4 Bf6 21. Nxh6+ Kh8
22. Qh5 Rae8 23. Ng4+ Kg8 24. Nxf6+ gxf6 25. Qg4+ Kh8 26. h5 Rg8 27. Qf5 Re6 28.
c5 Rg5 29. cxd6 Qxd6 30. Qf3 Qb6 31. Bc4 Rc6 32. Bd5 Rd6 33. Bxb7 Qxb7 34. Rfd1
Qd7 35. Qxf6+ {OgierDaniil a perdu au temps} 1-0